[Event "IECC KO email"]
[Site "IECC email"]
[Date "2003.01.17"]
[Round "?"]
[White "Kent, Kevin"]
[Black "Van Laar, Jan"]
[Result "1/2-1/2"]
[WhiteElo "1858"]
[BlackElo "1879"]
[PlyCount "70"]
[EventDate "2003.??.??"]
[EventType "tourn (corr)"]
[EventRounds "6"]
[SourceTitle "Corr 2008"]
[Source "ChessBase"]
[SourceDate "2008.06.24"]
[SourceVersion "1"]
[SourceVersionDate "2008.06.24"]
[SourceQuality "1"]

1. d4 d5 2. c4 c6 3. Nf3 e6 4. Nbd2 Nf6 5. e3 c5 6. b3 cxd4 7. exd4 Be7 8. Bd3 Nc6 9. Bb2 0-0 10. 0-0 b6 11. Re1 Bb7 12. a3 Rc8 13. Rc1 Bd6 14. c5 Bf4 15. b4 a6 16. Rc2 Re8 17. Qe2 Nb8 18. Nb3 Ne4 19. Bc1 Bxc1 20. Rcxc1 f6 21. cxb6 Rxc1 22. Rxc1 Qxb6 23. Nfd2 f5 24. Nf3 Rc8 25. Nc5 Rc7 26. Ne5 Bc8 27. Qh5 Nf6 28. Qh4 Nc6 29. Rc2 Nd8 30. Qf4 Ne8 31. Qe3 Nd6 32. Na4 Qb8 33. Nc5 Qb6 34. Rc1 Ne4 35. Rc2 Nd6 1/2-1/2

[Event "IECG TE.2002.P.01111 email"]
[Site "IECG email"]
[Date "2002.12.30"]
[Round "?"]
[White "Kent, Kevin"]
[Black "Harris, Norman"]
[Result "1-0"]
[WhiteElo "1649"]
[BlackElo "1700"]
[PlyCount "29"]
[EventDate "2002.12.30"]
[EventType "tourn (corr)"]
[EventRounds "12"]
[SourceTitle "Corr 2008"]
[Source "ChessBase"]
[SourceDate "2008.06.24"]
[SourceVersion "1"]
[SourceVersionDate "2008.06.24"]
[SourceQuality "1"]

1. d4 Nf6 2. c4 c5 3. d5 e6 4. Nc3 d6 5. e4 e5 6. Nf3 Be7 7. Bd3 Na6 8. Qb3 0-0 9. h4 Ne8 10. Bd2 Rb8 11. Nb5 Ra8 12. Na3 Nac7 13. Nc2 g6 14. Bh6 Ng7 15. h5 1-0

[Event "IECG WC.2002.F.00010 email"]
[Site "IECG email"]
[Date "2002.12.15"]
[Round "?"]
[White "Gralke, Wolfgang"]
[Black "Kent, Kevin"]
[Result "1-0"]
[WhiteElo "1753"]
[BlackElo "1649"]
[PlyCount "107"]
[EventDate "2002.12.15"]
[EventType "tourn (corr)"]
[EventRounds "10"]
[SourceTitle "Corr 2008"]
[Source "ChessBase"]
[SourceDate "2008.06.24"]
[SourceVersion "1"]
[SourceVersionDate "2008.06.24"]
[SourceQuality "1"]

1. e4 c5 2. Nf3 d6 3. d4 cxd4 4. Nxd4 Nf6 5. Nc3 g6 6. Be3 Bg7 7. h3 Nc6 8. Qd2 0-0 9. 0-0-0 Bd7 10. g4 Rc8 11. Kb1 a6 12. g5 Nh5 13. Be2 Nxd4 14. Bxd4 Bxd4 15. Qxd4 Nf4 16. e5 Nxe2 17. Nxe2 Bf5 18. Nc3 dxe5 19. Qxe5 Qc7 20. Qxc7 Rxc7 21. Rhe1 Kg7 22. h4 h6 23. Rd2 Re8 24. Ne4 Rh8 25. a3 Rc4 26. Ng3 e6 27. Nxf5+ gxf5 28. Rd7 Rxh4 29. gxh6+ R8xh6 30. Rxb7 Kf6 31. b4 Rf4 32. Ra7 Rxf2 33. Rxa6 Rhh2 34. Rc6 f4 35. b5 f3 36. Kc1 Rfg2 37. Rf1 f2 38. Kd2 Rg5 39. b6 Rd5+ 40. Kc3 Ke7 41. Kb4 Rd7 42. Kb5 e5 43. Ka6 Rh3 44. a4 Ra3 45. Rc4 Ra2 46. Rxf2 Rd6 47. Rc7+ Ke6 48. Rcxf7 Rxa4+ 49. Kb5 Rf4 50. R2xf4 exf4 51. Rxf4 Rd5+ 52. Kc6 Rd6+ 53. Kc7 Rd7+ 54. Kc8 1-0

[Event "IECG WC.2002.F.00010 email"]
[Site "IECG email"]
[Date "2002.12.15"]
[Round "?"]
[White "Janning, Henning"]
[Black "Kent, Kevin"]
[Result "1-0"]
[WhiteElo "1521"]
[BlackElo "1649"]
[PlyCount "49"]
[EventDate "2002.12.15"]
[EventType "tourn (corr)"]
[EventRounds "10"]
[SourceTitle "Corr 2008"]
[Source "ChessBase"]
[SourceDate "2008.06.24"]
[SourceVersion "1"]
[SourceVersionDate "2008.06.24"]
[SourceQuality "1"]

1. d4 Nf6 2. c4 g6 3. Nc3 Bg7 4. e4 d6 5. f4 c5 6. d5 0-0 7. Nf3 e6 8. Be2 exd5 9. cxd5 b5 10. e5 dxe5 11. fxe5 Ng4 12. Bg5 Qa5 13. d6 Nd7 14. 0-0 Ba6 15. Nd5 Bb7 16. a4 b4 17. Bb5 Bxd5 18. Qxd5 Ndxe5 19. Nxe5 Bxe5 20. h3 Bd4+ 21. Kh1 Nf2+ 22. Rxf2 Bxf2 23. Rf1 h6 24. Bxh6 Bd4 25. Bc4 1-0

[Event "IECG CP.2002.P.00008 email"]
[Site "IECG email"]
[Date "2002.10.01"]
[Round "?"]
[White "Kent, Kevin"]
[Black "Helbig, Andreas"]
[Result "0-1"]
[WhiteElo "1649"]
[BlackElo "1981"]
[PlyCount "56"]
[EventDate "2002.10.01"]
[EventType "tourn (corr)"]
[EventRounds "6"]
[EventCountry "SWE"]
[SourceTitle "Corr 2008"]
[Source "ChessBase"]
[SourceDate "2008.06.24"]
[SourceVersion "1"]
[SourceVersionDate "2008.06.24"]
[SourceQuality "1"]

1. d4 Nf6 2. c4 c5 3. d5 b5 4. cxb5 a6 5. f3 axb5 6. e4 e6 7. dxe6 fxe6 8. Bxb5 Ba6 9. Bxa6 Nxa6 10. e5 Nd5 11. f4 Qa5+ 12. Nc3 Nxc3 13. bxc3 Qxc3+ 14. Bd2 Qc4 15. Qe2 Qd4 16. Rb1 Nb4 17. Bxb4 cxb4 18. Nh3 Ra3 19. Kf1 Rd3 20. Rc1 Bc5 21. g3 0-0 22. Rxc5 Rd1+ 23. Kg2 Rd2 24. Qxd2 Qxd2+ 25. Nf2 Qxa2 26. Rd1 b3 27. Kf3 b2 28. Rb5 Rc8 0-1

[Event "IECC Swiss email"]
[Site "IECC email"]
[Date "2002.01.30"]
[Round "?"]
[White "Balabaev, Farit Gasisovich"]
[Black "Kent, Kevin"]
[Result "1-0"]
[WhiteElo "2348"]
[BlackElo "1856"]
[PlyCount "35"]
[EventDate "2002.??.??"]
[EventType "tourn (corr)"]
[EventRounds "6"]
[SourceTitle "Corr 2008"]
[Source "ChessBase"]
[SourceDate "2008.06.24"]
[SourceVersion "1"]
[SourceVersionDate "2008.06.24"]
[SourceQuality "1"]

1. e4 c6 2. d4 d5 3. e5 Bf5 4. Nc3 e6 5. g4 Bg6 6. Nge2 c5 7. Be3 Nc6 8. dxc5 Nxe5 9. Nf4 d4 10. Bb5+ Ke7 11. Nfd5+ exd5 12. Bxd4 Nc6 13. Qe2+ Kd7 14. 0-0-0 Qe8 15. Qf3 Kc8 16. Rhe1 Qd7 17. Nxd5 h5 18. Bxg7 1-0

[Event "IECC KO email"]
[Site "IECC email"]
[Date "2001.02.12"]
[Round "?"]
[White "Kent, Kevin"]
[Black "Zrinski, Scott A"]
[Result "1-0"]
[WhiteElo "1872"]
[BlackElo "1620"]
[PlyCount "69"]
[EventDate "2001.??.??"]
[EventType "tourn (corr)"]
[EventRounds "6"]
[SourceTitle "Corr 2008"]
[Source "ChessBase"]
[SourceDate "2008.06.24"]
[SourceVersion "1"]
[SourceVersionDate "2008.06.24"]
[SourceQuality "1"]

1. d4 Nf6 2. c4 g6 3. Nc3 Bg7 4. e4 d6 5. f3 0-0 6. Be3 Nc6 7. Nge2 e5 8. d5 Ne7 9. Ng3 Ne8 10. Bd3 f5 11. exf5 Nxf5 12. Nxf5 gxf5 13. Qc2 Qf6 14. 0-0 Bh6 15. f4 e4 16. Be2 Qg6 17. Qd1 Nf6 18. Nb5 Rf7 19. Nxa7 Ng4 20. Bxg4 fxg4 21. Qb3 b6 22. Nxc8 Rxc8 23. Qc2 g3 24. hxg3 Qxg3 25. Qxe4 Rcf8 26. Rf3 Qh4 27. Qe6 Kh8 28. Rh3 Qxh3 29. gxh3 Bg7 30. Rb1 Bf6 31. Qe4 Re7 32. Qd3 Rg8+ 33. Kh2 Rge8 34. Bd4 Bxd4 35. Qxd4+ 1-0

[Event "IECC KO email"]
[Site "IECC email"]
[Date "2001.02.12"]
[Round "?"]
[White "Zrinski, Scott A"]
[Black "Kent, Kevin"]
[Result "0-1"]
[WhiteElo "1614"]
[BlackElo "1878"]
[PlyCount "50"]
[EventDate "2001.??.??"]
[EventType "tourn (corr)"]
[EventRounds "6"]
[SourceTitle "Corr 2008"]
[Source "ChessBase"]
[SourceDate "2008.06.24"]
[SourceVersion "1"]
[SourceVersionDate "2008.06.24"]
[SourceQuality "1"]

1. e4 e5 2. Nf3 Nf6 3. Nxe5 d6 4. Nf3 Be7 5. Nc3 0-0 6. d4 d5 7. e5 Ne4 8. Bd3 Nxc3 9. bxc3 c5 10. 0-0 Nc6 11. Be3 Qa5 12. Qc1 c4 13. Be2 Qxc3 14. Qd2 Bb4 15. a3 Qxa1 16. axb4 Qb2 17. Bg5 c3 18. Qe3 Nxb4 19. Ne1 Bf5 20. h4 Rfc8 21. g4 Bxc2 22. Nxc2 Nxc2 23. Qg3 Nxd4 24. Bd3 Ne2+ 25. Bxe2 Qxe2 0-1

[Event "IECG WC.2004.P.00008 email"]
[Site "IECG email"]
[Date "2001.01.22"]
[Round "?"]
[White "Dijksman, Leo"]
[Black "Kent, Kevin"]
[Result "1-0"]
[WhiteElo "2130"]
[BlackElo "1647"]
[PlyCount "113"]
[EventDate "2001.01.22"]
[EventType "tourn (corr)"]
[EventRounds "8"]
[SourceTitle "Corr 2008"]
[Source "ChessBase"]
[SourceDate "2008.06.24"]
[SourceVersion "1"]
[SourceVersionDate "2008.06.24"]
[SourceQuality "1"]

1. d4 Nf6 2. c4 e6 3. Nf3 d5 4. Nc3 Be7 5. Bf4 0-0 6. e3 c5 7. dxc5 Bxc5 8. a3 Nc6 9. Be2 dxc4 10. Bxc4 Qxd1+ 11. Rxd1 a6 12. Be2 b5 13. Rc1 Be7 14. Nxb5 axb5 15. Rxc6 b4 16. 0-0 bxa3 17. bxa3 Rd8 18. Bc7 Rd7 19. Bb5 Rxa3 20. Ne5 Rd5 21. Bc4 Rc5 22. Rd1 Ne8 23. Rxc5 Bxc5 24. Rd8 Ra1+ 25. Bf1 Ba6 26. Rxe8+ Bf8 27. h4 Rxf1+ 28. Kh2 Rd1 29. Ba5 h6 30. Bb4 f6 31. Rxf8+ Kh7 32. Nf3 Bb7 33. Kg3 Kg6 34. Rb8 Bd5 35. Nd2 e5 36. e4 Be6 37. Rb7 h5 38. f4 exf4+ 39. Kxf4 Rg1 40. g3 Rd1 41. Bf8 Bf7 42. Rd7 Rg1 43. Nc4 Rf1+ 44. Ke3 Bxc4 45. Rxg7+ Kh6 46. Rc7+ Kg6 47. Rxc4 Re1+ 48. Kf2 Rb1 49. Rc7 Rb8 50. Bc5 Rb2+ 51. Kf3 Rc2 52. Bd6 Rb2 53. g4 Rb3+ 54. Kf4 Rb1 55. gxh5+ Kxh5 56. Kf5 Rb3 57. Rh7# 1-0

[Event "IECG CP.2000.P.00068"]
[Site "IECG email"]
[Date "2000.10.01"]
[Round "?"]
[White "Neumann, Ulrich"]
[Black "Kent, Kevin"]
[Result "1-0"]
[WhiteElo "1443"]
[BlackElo "1663"]
[PlyCount "101"]
[EventDate "2000.10.01"]
[EventType "tourn (corr)"]
[EventRounds "6"]
[EventCountry "ESP"]
[SourceTitle "Corr 2008"]
[Source "ChessBase"]
[SourceDate "2008.06.24"]
[SourceVersion "1"]
[SourceVersionDate "2008.06.24"]
[SourceQuality "1"]

1. d4 Nf6 2. c4 c5 3. d5 b5 4. cxb5 a6 5. bxa6 g6 6. Nc3 Bxa6 7. e4 Bxf1 8. Kxf1 d6 9. g3 Bg7 10. Kg2 Nbd7 11. Nf3 0-0 12. h3 Qb6 13. Re1 Rfe8 14. Re2 e6 15. dxe6 fxe6 16. Bf4 Ra6 17. Qxd6 Qxd6 18. Bxd6 Rxd6 19. e5 Rd3 20. exf6 Bxf6 21. Ne1 Rd4 22. Rc1 Rb8 23. f4 Kf7 24. Nf3 Rd3 25. Ng5+ Bxg5 26. fxg5 Ke7 27. Rd1 c4 28. h4 Nc5 29. Rf1 Rdd8 30. Rf4 Nd3 31. Rxc4 Rxb2 32. Rxb2 Nxb2 33. Rc7+ Rd7 34. Rxd7+ Kxd7 35. Ne4 Ke7 36. g4 Kf7 37. h5 gxh5 38. gxh5 Na4 39. Kf3 Nb6 40. Nc5 Ke7 41. a4 Nc4 42. Nb7 e5 43. a5 Ke6 44. a6 Nb6 45. Nc5+ Kf5 46. g6 Kf6 47. Ne6 h6 48. Nc7 Nc8 49. Ne8+ Ke6 50. Nd6 e4+ 51. Ke2 1-0

[Event "IECG TE.1999.P.00204 email"]
[Site "IECG email"]
[Date "1999.12.10"]
[Round "?"]
[White "Kent, Kevin"]
[Black "Loeschnauer, Ruediger"]
[Result "0-1"]
[WhiteElo "1689"]
[BlackElo "2116"]
[PlyCount "62"]
[EventDate "1999.12.10"]
[EventType "tourn (corr)"]
[EventRounds "12"]
[SourceTitle "Corr 2008"]
[Source "ChessBase"]
[SourceDate "2008.06.24"]
[SourceVersion "1"]
[SourceVersionDate "2008.06.24"]
[SourceQuality "1"]

1. c4 e5 2. Nc3 Nf6 3. Nf3 Nc6 4. g3 Bc5 5. Bg2 d6 6. 0-0 0-0 7. d3 h6 8. a3 a6 9. b4 Ba7 10. Bb2 Be6 11. Qd2 Qd7 12. Rfc1 Ng4 13. e3 f5 14. b5 Na5 15. bxa6 bxa6 16. Qc2 f4 17. gxf4 exf4 18. Nd4 c6 19. Qa4 fxe3 20. Nxe6 Rxf2 21. Bd5 Ne5 22. Kh1 cxd5 23. Qxd7 Nxd7 24. Rg1 g5 25. Rab1 Rb8 26. Na4 dxc4 27. Nxg5 hxg5 28. Rxg5+ Kf7 29. Rg7+ Ke6 30. Rbg1 cxd3 31. R1g6+ Nf6 0-1

[Event "IECG TE.1999.P.00204 email"]
[Site "IECG email"]
[Date "1999.12.10"]
[Round "?"]
[White "Kent, Kevin"]
[Black "Sadler, Craig"]
[Result "1-0"]
[WhiteElo "1689"]
[BlackElo "547"]
[PlyCount "27"]
[EventDate "1999.12.10"]
[EventType "tourn (corr)"]
[EventRounds "12"]
[SourceTitle "Corr 2008"]
[Source "ChessBase"]
[SourceDate "2008.06.24"]
[SourceVersion "1"]
[SourceVersionDate "2008.06.24"]
[SourceQuality "1"]

1. c4 e5 2. Nc3 Nf6 3. Nf3 Nc6 4. g3 Bc5 5. Bg2 d6 6. 0-0 0-0 7. d3 Bg4 8. a3 h6 9. b4 Bd4 10. Nxd4 Nxd4 11. Bxb7 Rb8 12. Bg2 Re8 13. h3 Be6 14. e3 1-0

[Event "IECC Swiss email"]
[Site "IECC email"]
[Date "1999.12.08"]
[Round "?"]
[White "Kent, Kevin"]
[Black "Keelan, Martin J"]
[Result "1-0"]
[WhiteElo "1851"]
[BlackElo "1029"]
[PlyCount "20"]
[EventDate "1999.??.??"]
[EventType "tourn (corr)"]
[EventRounds "6"]
[SourceTitle "Corr 2008"]
[Source "ChessBase"]
[SourceDate "2008.06.24"]
[SourceVersion "1"]
[SourceVersionDate "2008.06.24"]
[SourceQuality "1"]

1. d4 d5 2. Nf3 Nf6 3. Bf4 Nh5 4. Bg5 h6 5. Bd2 Nc6 6. e3 e6 7. c4 Bb4 8. Bxb4 Nxb4 9. Ne5 f6 10. Qxh5+ Ke7 1-0

[Event "IECG TE.1999.P.00105 email"]
[Site "IECG email"]
[Date "1999.11.01"]
[Round "?"]
[White "Kent, Kevin"]
[Black "Rensen, Martin"]
[Result "1/2-1/2"]
[WhiteElo "1689"]
[BlackElo "2173"]
[PlyCount "43"]
[EventDate "1999.11.01"]
[EventType "tourn (corr)"]
[EventRounds "8"]
[SourceTitle "Corr 2008"]
[Source "ChessBase"]
[SourceDate "2008.06.24"]
[SourceVersion "1"]
[SourceVersionDate "2008.06.24"]
[SourceQuality "1"]

1. d4 Nf6 2. c4 g6 3. Nc3 Bg7 4. e4 d6 5. f3 0-0 6. Be3 Nc6 7. Nge2 a6 8. Qd2 Rb8 9. h4 h5 10. Nc1 e5 11. d5 Nd4 12. Nb3 c5 13. dxc6 bxc6 14. Nxd4 exd4 15. Bxd4 Be6 16. Be2 d5 17. cxd5 cxd5 18. exd5 Nxd5 19. Bxg7 Kxg7 20. Rd1 Re8 21. Nxd5 Bxd5 22. Qxd5 1/2-1/2

[Event "IECC TH-M email"]
[Site "IECC email"]
[Date "1999.10.13"]
[Round "?"]
[White "Laureles, Raymundo"]
[Black "Kent, Kevin"]
[Result "1-0"]
[WhiteElo "1709"]
[BlackElo "1877"]
[PlyCount "55"]
[EventDate "1999.??.??"]
[EventType "match (corr)"]
[EventRounds "2"]
[SourceTitle "Corr 2008"]
[Source "ChessBase"]
[SourceDate "2008.06.24"]
[SourceVersion "1"]
[SourceVersionDate "2008.06.24"]
[SourceQuality "1"]

1. d4 Nf6 2. c4 e5 3. dxe5 Ng4 4. e4 Nxe5 5. f4 Bb4+ 6. Nc3 Bxc3+ 7. bxc3 Ng6 8. Nf3 d6 9. Be3 0-0 10. Bd3 f5 11. 0-0 fxe4 12. Bxe4 Qe7 13. Ng5 Bf5 14. Qh5 h6 15. Bd5+ Kh8 16. Bd4 Ne5 17. Bxb7 Bg4 18. Qh4 Nbd7 19. Bxa8 Rxa8 20. c5 Be6 21. cxd6 cxd6 22. fxe5 Qxg5 23. Qxg5 hxg5 24. exd6 a5 25. Rae1 Bc4 26. Rf5 Bxa2 27. Re7 Nf6 28. Bxf6 1-0

[Event "IECG CP.1999.P.00005"]
[Site "IECG email"]
[Date "1999.10.01"]
[Round "?"]
[White "Jimenez Alonso, Julio"]
[Black "Kent, Kevin"]
[Result "1-0"]
[WhiteElo "1941"]
[BlackElo "1689"]
[PlyCount "77"]
[EventDate "1999.10.01"]
[EventType "tourn (corr)"]
[EventRounds "6"]
[EventCountry "ESP"]
[SourceTitle "Corr 2008"]
[Source "ChessBase"]
[SourceDate "2008.06.24"]
[SourceVersion "1"]
[SourceVersionDate "2008.06.24"]
[SourceQuality "1"]

1. d4 Nf6 2. c4 g6 3. Nc3 Bg7 4. e4 d6 5. Nf3 0-0 6. Be2 e5 7. 0-0 Nc6 8. d5 Ne7 9. Ne1 Ne8 10. f3 f5 11. Be3 f4 12. Bf2 h5 13. c5 g5 14. a4 Ng6 15. a5 dxc5 16. Bxc5 Nd6 17. Nd3 Qf6 18. a6 b6 19. Bxd6 cxd6 20. Nb4 Bd7 21. Rc1 Bh8 22. Nb5 Rf7 23. Qd2 g4 24. Nc6 g3 25. h3 Be8 26. Rc3 Rd7 27. Rfc1 Bf7 28. Nb4 Ne7 29. Rc7 Be8 30. Nc6 Rxc7 31. Nxc7 Bxc6 32. dxc6 Rc8 33. Nb5 Re8 34. Nxa7 Ra8 35. Nb5 Rxa6 36. Nxd6 Ra8 37. c7 Kh7 38. Nf5 Nxf5 39. exf5 1-0

[Event "IECC TH-M email"]
[Site "IECC email"]
[Date "1999.09.27"]
[Round "?"]
[White "Kent, Kevin"]
[Black "Nagley, Tim"]
[Result "1/2-1/2"]
[WhiteElo "1814"]
[BlackElo "2107"]
[PlyCount "69"]
[EventDate "1999.??.??"]
[EventType "match (corr)"]
[EventRounds "2"]
[SourceTitle "Corr 2008"]
[Source "ChessBase"]
[SourceDate "2008.06.24"]
[SourceVersion "1"]
[SourceVersionDate "2008.06.24"]
[SourceQuality "1"]

1. e4 e5 2. Nc3 Nc6 3. Bc4 Nf6 4. d3 Bc5 5. f4 d6 6. Nf3 Bg4 7. Bb5 0-0 8. Bxc6 bxc6 9. fxe5 dxe5 10. h3 Bc8 11. Qd2 Re8 12. Qg5 Ba6 13. Nxe5 Nxe4 14. Nxe4 Qxg5 15. Bxg5 Rxe5 16. Bf4 Re7 17. Kd2 Bb4+ 18. Nc3 Bd6 19. Bxd6 cxd6 20. Rae1 Kf8 21. Rxe7 Kxe7 22. Re1+ Kd7 23. g4 Rf8 24. Re4 Bc8 25. h4 f6 26. a3 Bb7 27. b4 c5 28. Rf4 Re8 29. bxc5 dxc5 30. g5 fxg5 31. hxg5 Bc6 32. Rh4 Re5 33. Rxh7 Rxg5 34. Ke3 Ke6 35. Ne4 1/2-1/2

[Event "IECC Swiss email"]
[Site "IECC email"]
[Date "1999.07.24"]
[Round "?"]
[White "Dean, Wesley A"]
[Black "Kent, Kevin"]
[Result "0-1"]
[WhiteElo "2050"]
[BlackElo "1887"]
[PlyCount "42"]
[EventDate "1999.??.??"]
[EventType "tourn (corr)"]
[EventRounds "6"]
[SourceTitle "Corr 2008"]
[Source "ChessBase"]
[SourceDate "2008.06.24"]
[SourceVersion "1"]
[SourceVersionDate "2008.06.24"]
[SourceQuality "1"]

1. c4 g5 2. d4 h6 3. h4 g4 4. Nc3 Bg7 5. e3 d6 6. Bd3 e5 7. Nge2 Ne7 8. 0-0 Nf5 9. Qc2 Nxh4 10. dxe5 Bxe5 11. Rb1 Nf3+ 12. gxf3 gxf3 13. Ng3 Qh4 14. Be2 Bxg3 15. Qe4+ Qxe4 16. Nxe4 fxe2 17. Re1 Be5 18. f3 Rg8+ 19. Kh1 Bf5 20. Rxe2 Nd7 21. b4 b5 0-1

[Event "IECC KO email"]
[Site "IECC email"]
[Date "1999.04.29"]
[Round "?"]
[White "Berggren, Mattias"]
[Black "Kent, Kevin"]
[Result "1/2-1/2"]
[WhiteElo "1811"]
[BlackElo "1842"]
[PlyCount "103"]
[EventDate "1999.??.??"]
[EventType "tourn (corr)"]
[EventRounds "6"]
[SourceTitle "Corr 2008"]
[Source "ChessBase"]
[SourceDate "2008.06.24"]
[SourceVersion "1"]
[SourceVersionDate "2008.06.24"]
[SourceQuality "1"]

1. e4 e5 2. Nf3 Nc6 3. Bc4 Bc5 4. c3 Nf6 5. b4 Bb6 6. d3 d6 7. 0-0 0-0 8. Nbd2 d5 9. exd5 Nxd5 10. Ne4 Bf5 11. Qb3 Nf6 12. Bg5 Bxe4 13. dxe4 h6 14. Rfd1 Qe7 15. Bh4 g5 16. Bg3 Nh5 17. a4 Nxg3 18. hxg3 a6 19. Bd5 Qf6 20. a5 Ba7 21. Ra2 Rad8 22. Rdd2 Rd6 23. b5 Nd8 24. bxa6 bxa6 25. Ne1 Re8 26. Rd3 Ne6 27. Qb7 Bb8 28. Rf3 Qe7 29. Rb2 Red8 30. Nd3 Rxd5 31. exd5 e4 32. d6 Qxd6 33. Qxe4 Ba7 34. Ne5 Nc5 35. Qf5 Qe6 36. Nxf7 Rd1+ 37. Kh2 Qxf5 38. Rxf5 Kg7 39. Ne5 Nd3 40. Rd2 Rxd2 41. Rf7+ Kg8 42. Rd7 Nxe5 43. Rxd2 Ng4+ 44. Kg1 Kf7 45. Rd7+ Ke6 46. Rxc7 Bxf2+ 47. Kf1 Kd6 48. Rc8 Bxg3 49. Ra8 Be5 50. Rxa6+ Kc5 51. Re6 Kd5 52. a6 1/2-1/2

[Event "IECC P email"]
[Site "IECC email"]
[Date "1999.04.17"]
[Round "?"]
[White "Kent, Kevin"]
[Black "Green, Paul"]
[Result "0-1"]
[WhiteElo "1904"]
[BlackElo "2003"]
[PlyCount "76"]
[EventDate "1999.??.??"]
[EventType "tourn (corr)"]
[EventRounds "6"]
[SourceTitle "Corr 2008"]
[Source "ChessBase"]
[SourceDate "2008.06.24"]
[SourceVersion "1"]
[SourceVersionDate "2008.06.24"]
[SourceQuality "1"]

1. d4 Nf6 2. c4 e6 3. Nc3 Bb4 4. Qc2 d5 5. cxd5 Qxd5 6. e3 c5 7. Bd2 Bxc3 8. Bxc3 cxd4 9. Bxd4 Nc6 10. Bxf6 gxf6 11. Nf3 Bd7 12. Nd2 Rc8 13. Ne4 Qa5+ 14. Qd2 Qxd2+ 15. Kxd2 Ke7 16. Rd1 Nb4 17. Ke1 Nxa2 18. Nxf6 Ba4 19. Ra1 Kxf6 20. Rxa2 Rc1+ 21. Kd2 Rd8+ 22. Bd3 Rxh1 23. Rxa4 Rxh2 24. Rxa7 Rxg2 25. Ke2 h5 26. Rxb7 h4 27. Rb4 Rh8 28. Rf4+ Ke7 29. Ra4 h3 30. Be4 Rg1 31. Ra7+ Kf6 32. b4 h2 33. Kd3 Rc8 34. b5 h1Q 35. Bxh1 Rxh1 36. Rb7 Rb1 37. f4 Rc5 38. e4 Rcxb5 0-1